01224nam a2200253Ia 4500003000400000005001700004008004100021020001500062040002900077050002500106100002700131245011800158260003100276300004700307490003400354520029900388650003100687650002900718700003100747700002600778942001500804952013800819999001300957OSt20230814083133.0221021s9999||||xx |||||||||||||| ||und|| a0333542460 cChuka University Library aHD 30.22 b.F47 1993 aFerguson, Paul R.9787 0a Business economics : bthe application of economic theory /cPaul R. Ferguson, Glenys J. Ferguson, R. Rothschild aLondon:bMacmillan,c1993. axvi, 414 pages : billustrations ; c26 cm a Macmillan texts in economics aProvides coverage of the topics taught in economics and business studies degrees and MBA programmes. Recent theoretical developments in areas such as transaction costs, game theory and competitive strategy are incorporated with a fresh approach to demand analysis, costs, finance and investment aManagerial economics91444 aBusiness economics91452 aFerguson, Glenys J. 91465 aRothschild, R. 91466 cBK2lcc01 00102lcc40708LGLaCHKbCHKcGENd2022-10-21l1oHD 30.22 .F47 1993p1087/2006r2023-08-14 00:00:00s2023-08-14t4w2022-10-21yBK c711d711